000 00911nam a2200265 4500
005 20090613161727.0
008 730717s1974 nyua | bs 001 0 eng
010 _aENG-93985
020 _a9780070083073
_c120.00
020 _a007008307X
_c120.00
035 _aEN-77518
037 _bDBAD / PUB
040 _adpl
_bEnglish
082 _a332.1
100 _aGurusamy, S.
245 _aBanking theory law and practice /
_cby S. Gurusamy
250 _a2nd ed.
260 _aNew Delhi
_bTata McGraw-Hill Publishing
_c2009
270 _a7 West Patel Nagar,
_bNew Delhi
_e110008
300 _axii, 347 p.
_c22cm(pbk)
500 _aIncludes index
650 _aManagement.
942 _2ddc
_cEN
_h332.1
_mGUR
999 _c27438
_d27438